Projekt welness hotela

Salvato in:
Dettagli Bibliografici
Autore principale: Smolková, Paula (Autore)
Altri autori: Hanuliak, Peter (Relatore della tesi)
Natura: Manoscritto Libro
Lingua:slovacco
Pubblicazione: 2024
Soggetti:
Accesso online:http://is.stuba.sk/zp/portal_zp.pl?podrobnosti=179097
Tags: Aggiungi Tag
Nessun Tag, puoi essere il primo ad aggiungerne!!

MARC

LEADER 00000ntm a22000003a 4500
001 stuzp99055
003 SK-STU
005 20240608212840.0
007 ta
008 150427s2015----xo-----f-mn---000-0-slo-d
040 |a STU  |b slo 
041 0 |a slo 
100 1 |a Smolková, Paula  |u 010180  |4 aut  |U SvF Stavebná fakulta  |T SvF Katedra konštrukcií pozemných stavieb  |X 82843  |U V180  |Y 18  |7 82843 
242 0 1 |a Welness hotel project  |y eng 
245 1 0 |a Projekt welness hotela 
260 |c 2024 
650 4 |a hotel  |2 slo 
650 4 |a wellness  |2 slo 
650 4 |a horské prostredie  |2 slo 
650 4 |a hotel  |2 eng 
650 4 |a wellness  |2 eng 
650 4 |a diploma thesis  |2 eng 
700 1 |a Hanuliak, Peter  |u 010180  |k Z1  |4 ths  |U SvF Stavebná fakulta  |T SvF Katedra konštrukcií pozemných stavieb  |X 11280  |U V180  |Y 18  |7 A000011280 
856 4 |u http://is.stuba.sk/zp/portal_zp.pl?podrobnosti=179097